V osídlach román

Bibliographic Details
Main Author: Urban, Milo, 1904-1982 (Author)
Format: Book
Language:Slovak
PhysicalDescription:538 s. 8°
Published: Turčiansky Sv. Martin Kompas 1940
Series:Dobré diela
Subjects:

MARC

LEADER 00000cam a2200000 a 4500
001 vtls008403565
003 SK-MaSNL
005 20260302074805.0
008 250313s1940 xo 000 f slo
015 |a SNBA19391941-001686 
035 |a SK01SNKBKSD120020095782 
035 |a urn:nbn:sk:snk-am3i6wn 
035 |a 25EACC42-6BD2-410E-AAC9-20185323DD5C 
035 |a urn:nbn:sk:snk-am00dmj5 
035 |a SKM000098245 
040 |a SNK  |b slo  |c SNK  |e AACR2 
041 0 |a slo 
044 |a xo  |c SK 
080 |a 885.4-3  |2 1981 
100 1 |a Urban, Milo,  |d 1904-1982  |4 aut  |9 104908 
245 1 0 |a V osídlach  |b román  |c Milo Urban 
260 |a Turčiansky Sv. Martin  |b Kompas  |c 1940  |e Turčiansky Sv. Martin  |f Kníhtlačiarsky účastinársky spolok 
300 |a 538 s.  |c 8° 
490 1 |a Dobré diela  |v sv. 2 
655 7 |a slovenské romány  |2 SNKPH  |9 70324 
752 |a Slovensko  |d Martin 
830 0 |a Dobré diela  |9 309615 
852 |a Slovenská národná knižnica 
954 |a beletria pôvodná (slovenská)  |2 lita 
958 |a OND 
958 |a RK 
958 |a TL 
999 |c 1166495  |d 1168425 
952 |a SNK  |b SNK  |y PREZ  |7 0  |p 17A0495819  |o snkSD 4537/2 D3  |i snkK 2852/65  |0 0  |1 0  |4 0  |d 2018-05-07  |l 0  |r 2026-02-24 20:50:33  |w 2026-02-24 
952 |a SNK  |b SNK  |y PREZ  |7 0  |p 17A0495811  |o snkSD 4537/2 D2  |i snkVI.3225/55  |0 0  |1 0  |4 0  |d 2018-05-07  |l 0  |r 2026-02-24 20:50:33  |w 2026-02-24 
952 |a SNK  |b SNK  |y PREZ  |7 0  |p 17A0951300  |o snkSD 4537/2 D1  |i snk5/41  |0 0  |1 0  |4 0  |d 2018-05-07  |l 0  |r 2026-02-24 20:50:33  |w 2026-02-24 
952 |a SNK  |b SNK  |y PREZ  |7 0  |p 17A0495808  |o snkSD 4537/2  |i snkK 73/74  |8 3  |z Na titulnej strane rukopisné venovanie autora  |0 0  |1 0  |4 0  |d 2018-05-07  |f 1  |l 0  |r 2025-11-11 00:00:00  |w 2026-02-24 
952 |a SNKLM  |b SNKLM  |y NEVYP  |7 0  |o snklmMK 5778  |8 3  |0 0  |1 0  |4 0  |d 2006-11-07  |l 0  |r 2026-02-24 20:50:33  |w 2026-02-24 
952 |a SNKLM  |b SNKLM  |y NEVYP  |7 0  |o snklmMK 6507  |8 3  |0 0  |1 0  |4 0  |d 2006-12-19  |l 0  |r 2026-02-24 20:50:33  |w 2026-02-24